000 00397 a2200121 4500
020 _a0792307720 (acid free paper)
082 _a620.105 KAR
100 0 _aPisidhi Karasudhi.
245 _aFoundations of solid mechanics /
_cby P. Karasudhi.
260 _aDordrecht ;
_aBoston :
_bKluwer Academic Publishers,
_cc1991.
300 _axvi, 439 p. :
_bill. ;
_c25 cm.
650 _aStrength of materials.
650 _aMechanics, Applied.
999 _c777
_d777